Statistiche per Paesi nominati nella pagina Wikipedia del Giappone

Clicka qui per fare il quiz!

Statistiche generali

  • Questo quiz è stato fatto 37 volte
  • Il punteggio medio è 15 su 19

Statistiche sulle risposte

Volte in cui viene nominatoIndizio (basato sul motivo per cui lo stato è nominato nella pagina Wikipedia)Paese% Corretto
11Paese invaso dal Giappone tra 1937 e 1945Cina
97%
6Paese con cui il Giappone ha organizzato la coppa del mondo di calcio nel 2002Corea del Sud
97%
3Paese alleato del Giappone nel Patto TripartitoGermania
97%
2Paese alleato del Giappone nel Patto TripartitoItalia
97%
9Paese che, alle soglie della Seconda Guerra Mondiale, impose degli embarghi commerciali al GiapponeStati Uniti
97%
2Paese con cui il Giappone ha pessime relazioni politiche e diplomaticheCorea del Nord
93%
2Paese che, alle soglie della Seconda Guerra Mondiale, impose degli embarghi commerciali al GiapponeRegno Unito
93%
5Paese sconfitto in guerra dal Giappone nel 1904-1905Russia
93%
3Paese separato dal Giappone dal Mar Cinese OrientaleTaiwan
93%
1Paese tra i principali fornitori di materie prime al GiapponeIndonesia
90%
2Paese con cui il Giappone ha stretto un patto di sicurezzaAustralia
80%
1Paese invaso dal Giappone durante la Seconda Guerra MondialeFilippine
80%
2Paese membro del G4 con Giappone e GermaniaIndia
80%
1Paese membro del G4 con Giappone e GermaniaBrasile
70%
1Paese in cui il Giappone inviò delle truppe in missione di paceIraq
53%
1Paese che, alle soglie della Seconda Guerra Mondiale, impose degli embarghi commerciali al GiapponePaesi Bassi
53%
1Paese invaso dal Giappone durante la Seconda Guerra MondialeMyanmar
37%
1Paese tra i principali fornitori di materie prime al GiapponeArabia Saudita
33%
1Paese tra i principali fornitori di materie prime al GiapponeEmirati Arabi Uniti
30%

Distribuzione punteggi

Percentile per numero di risposta

Percentuale di utenti per punteggio

I tuoi punteggi nel tempo

Non hai fatto questo quiz